000 01733nam a22005050i 4500
001 20275
003 VRT
005 20260120142958.0
008 090725s1971 xo ao jrp 000 0 slo d
020 _c29, 50 Kčs
035 _a(SVKBBclas03)vtls000111778
039 9 _a202512161404
_bAUTHORITY
_c202205201349
_dmsvkbb08
_c202203191817
_dAUTHORITY
_c202203191807
_dAUTHORITY
040 _aSVKBB
_bslo
_cSVKBB
_eAACR2
041 0 _acze
044 _axr
_cCZ
072 7 _a635
_xZáhradkárstvo
_2konspekt
080 _a635.9
_22001
080 _a(075.3)
_22011
100 1 _aVolf, Miroslav, 1921-1982
240 1 0 _aKvětinářství
_lSlovensky
245 1 0 _aKvetinárstvo
_cMiroslav Volf a kolektív ; [z českého originálu ... preložili Š. Ľabuš, E. Šomská; ilustr. Ladislav Urban, Josef Popelka, Jaromír Windsor]
250 _a1. vyd
260 _aBratislava
_bPríroda
_c1971
300 _a445 s.
_bfotogr.
_c22 cm
366 _e2000 výtl.
490 1 _aRastlinná výroba
500 _aViazaná
504 _aBibliografické odkazy
650 0 7 _akvetinárstvo
_2SNKPH
650 0 7 _aFloristry
_2SNKPHeng
655 7 _aučebnice stredných škôl
_2SNKPH
655 7 _aSecondary school textbooks
_2SNKPHeng
700 1 _aUrban, Ladislav
_4ill
700 1 _aPopelka, Josef
_4ill
700 1 _aWindsor, Jaromír,
_d1924-
_4ill
700 1 _aLabuš, Štefan
_4trl
700 1 _aŠomská, E.
_4trl
830 0 _aRastlinná výroba
910 _asvkbb
942 _2ddc
_cOLDO
_n0
949 _6270001000158366
_asvkbbS 55170
_bsvkbbm 235934
_p235.934
949 _62889350811
_asavukS 53583
949 _6270001000416323
_asvkbbS 87047
_bsvkbbm 237965
999 _c20275
_d20275